000 00606nam a2200229Ia 4500
003 OSt
005 20220923220823.0
006 a|||||r|||| 00| 0
007 ta
008 220922b |||||||| |||| 00| 0 hin d
024 _a190,925
037 _cTextual
040 _aARTS
_cARTS
_bhin
041 _2hin
_ahin
082 _aR65:6, 152G4
100 _aगिरि, चिद्धनानन्द
245 0 _aगीता
246 _aGītā
260 _c1934
942 _hR65:6, 152G4
_cTEXL
_2CC
999 _c343646
_d343646